Đang tải...

Mercantile law

Chi tiết về thư mục
Những tác giả chính: Maheshwari, R P, Maheshwari, S N
Định dạng: Printed Book
Được phát hành: New delhi, National Publishing House 1972
Những chủ đề:
law
LEADER 005620000a22002050004500
022 |a 02-07-2004 
041 |a English 
082 |a 341.753 L2 
100 |a Maheshwari, R P 
100 |a Maheshwari, S N 
245 |a Mercantile law 
260 |a New delhi, National Publishing House 
260 |c 1972 
650 |a Company law 
650 |a Economics 
650 |a Industrial law 
650 |a law 
942 |c BK 
999 |c 143477  |d 143473 
952 |0 0  |1 0  |4 0  |6 341_753000000000000_L2  |7 0  |9 142258  |a SCC  |b SCC  |d 2017-10-11  |l 0  |o 341.753 L2  |p SCC00936  |r 2017-10-11  |w 2017-10-11  |y BK